| 000 | 00700nam a2200253Ia 4500 | ||
|---|---|---|---|
| 003 | OSt | ||
| 005 | 20221007104322.0 | ||
| 006 | a|||||r|||| 00| 0 | ||
| 007 | ta | ||
| 008 | 221006b |||||||| |||| 00| 0 eng d | ||
| 024 | _a15,498 | ||
| 037 | _cTextual | ||
| 040 |
_aLCO _cLCO _beng |
||
| 041 |
_2eng _aeng |
||
| 082 | _aZ2,924, L0 | ||
| 100 |
_aWebb Garn H. _9685441 |
||
| 245 | 0 |
_aEquity _b Analysis and Explanation |
|
| 260 |
_aNew _bYork Holt Rinehart & Winston, Inc. U.S.A. _c1970 |
||
| 300 | _a166 | ||
| 650 |
_aEQUITY _9684876 |
||
| 700 |
_a Bianco Thomas C. _9685440 |
||
| 942 |
_hZ2,924, L0 _cTEXL |
||
| 999 |
_c1185061 _d1185061 |
||